| 000 | 01088nam a2200313 4500 | ||
|---|---|---|---|
| 003 | EG-GICUC | ||
| 005 | 20260121101349.0 | ||
| 008 | 251126s1933 fr ||||fr|||| 00| 0 fre d | ||
| 040 |
_aEG-GiCUC _bfre _cEG-GiCUC _dEG-GiCUC _eRda |
||
| 041 | _afre | ||
| 082 | 0 | 4 |
_221 _a341.22 _bB A . S |
| 092 | 0 | 4 | _221 |
| 099 | _aLaw1 11 341.22 B A . S 1933 | ||
| 100 | 1 |
_aBARANDON, PAUL _eAuteur |
|
| 245 | 1 | 3 |
_aLe Système juridique de la Société des Nations pour la prévention de la guerre / _cPaul Barandon ; traduit de l’allemand par Jean Labarthe. |
| 264 | 1 |
_aParis : _bA. Pedone, _c1933. |
|
| 300 |
_a444 page ; _c 24 cm. |
||
| 336 |
_2rda contenu _a texte |
||
| 337 |
_2rda medias _aOrdinateur |
||
| 338 |
_2 transporteur rda _a Ressource en ligne |
||
| 504 | _aRéférences bibliographiques | ||
| 546 | _aTexte en français | ||
| 650 | 1 |
_aSociété des Nations _xDroit international public _2qrmak |
|
| 651 | 1 | _2qrmak | |
| 700 | 1 |
_aLabrathe, Jean _eTraducteur |
|
| 856 | 4 | 0 | _uhttps://fll.law.cu.edu.eg/fulltext/bks/B11-06163.pdf |
| 905 |
_a75 _eYara |
||
| 942 |
_2ddc _n0 _cBK _e21 |
||
| 999 |
_c46305 _d46305 |
||